书目信息 |
| 题名: |
章太炎政论选集
|
|
| 作者: | 汤志钧 编 | |
| 分册: | 上册 | |
| 出版信息: | 北京 中华书局 1977 |
|
| 页数: | 520页 | |
| 开本: | 20cm | |
| 丛书名: | ||
| 单 册: | ||
| 中图分类: | B259.2 | |
| 科图分类: | ||
| 主题词: | 章太炎--哲学 , 章太炎 | |
| 电子资源: | ||
| ISBN: | ||
| 000 | 00645nam0 2200241 45 | |
| 001 | 0177003572 | |
| 005 | 20070727165441.65 | |
| 010 | @dCNY2.70 | |
| 091 | @a3018.76 | |
| 100 | @a19950928d1977 em y0chiy0121 ea | |
| 101 | 0 | @achi |
| 102 | @aCN@b110000 | |
| 105 | @ay z 000yy | |
| 200 | 10 | @a章太炎政论选集@Azhang tai yan zheng lun xuan ji@h上册@f汤志钧编@FTang Zhi Jun Bian |
| 210 | @a北京@c中华书局@d1977 | |
| 215 | @a520页@d20cm | |
| 606 | @a章太炎@x哲学 | |
| 606 | 0 | @a章太炎 |
| 690 | @aB259.2@v3 | |
| 701 | 0 | @a汤志钧@4编 |
| 801 | 2 | @aCN@bNLC@c20070727 |
| 801 | 0 | @aCN@b广东省中山图书馆@c20060801 |
| 905 | @dB259.2@e2:1@f1@b31746 | |
| 章太炎政论选集.上册/汤志钧编.-北京:中华书局,1977 |
| 520页;20cm |
| ISBN :CNY2.70 |
| ● |
| 相关链接 |
|
|
|
|
正题名:章太炎政论选集
索取号:B259.2/2:1
 
预约/预借
| 序号 | 登录号 | 条形码 | 馆藏地/架位号 | 状态 | 备注 |
| 1 | 0015762 | 000524105 | 密集书库/ [索取号:B259.2/2:1] | 在馆 | |
| 2 | 0031746 | 002040874 | 第一样本阅览室/ [索取号:B259.2/2:1] | 在馆 | |
| 3 | 0439930 | 204399301 | 密集书库/ [索取号:B259.2/2:1] | 在馆 | |
| 4 | 0441227 | 204412279 | 密集书库/ [索取号:B259.2/2:1] | 在馆 | |
| 5 | 0786363 | 207863631 | 密集书库/ [索取号:B259.2/2:1] | 在馆 | |
| 6 | 0786742 | 207867423 | 密集书库/ [索取号:B259.2/2:1] | 在馆 |